Breaking up is hard (Record no. 66578)

MARC details
000 -LEADER
fixed length control field 01003cam a2200217 4500
001 - CONTROL NUMBER
control field ABS63640
008 - FIXED-LENGTH DATA ELEMENTS--GENERAL INFORMATION
fixed length control field 000000n2001 000 0 eng u
035 ## - SYSTEM CONTROL NUMBER
System control number (Sirsi) u111744
100 ## - MAIN ENTRY--PERSONAL NAME
Personal name Blackler, T.
245 ## - TITLE STATEMENT
Title Breaking up is hard
260 ## - PUBLICATION, DISTRIBUTION, ETC.
Date of publication, distribution, etc. 2001
490 ## - SERIES STATEMENT
Series statement Building
Volume/sequential designation 266(8177) 23 March 2001, 49(1)
520 ## - SUMMARY, ETC.
Summary, etc. Discusses the sensitive area, particularly in today's climate of partnering, of termination clauses. The standard forms of contract, JCT98 for instance, devote a number of pages to this situation. However, alongside the rights spelt out in these termination clauses, the common law rule about "recission" or "repudiation" of contract may come into play. Discusses the common law rule, illustrating that its application in construction disputes is far from clear-cut.
590 ## - LOCAL NOTE (RLIN)
Local note ABS
650 ## - SUBJECT ADDED ENTRY--TOPICAL TERM
Topical term or geographic name entry element TERMINATION CLAUSES
650 ## - SUBJECT ADDED ENTRY--TOPICAL TERM
Topical term or geographic name entry element RECISSION
650 ## - SUBJECT ADDED ENTRY--TOPICAL TERM
Topical term or geographic name entry element REPUDIATION
650 ## - SUBJECT ADDED ENTRY--TOPICAL TERM
Topical term or geographic name entry element COMMON LAW
690 ## - LOCAL SUBJECT ADDED ENTRY--TOPICAL TERM (OCLC, RLIN)
Topical term or geographic name as entry element BUILT ENVIRONMENT-BUILDING CONTRACT FORMS
942 ## - ADDED ENTRY ELEMENTS (KOHA)
Suppress in OPAC 0
Holdings
Withdrawn status Lost status Source of classification or shelving scheme Damaged status Not for loan Home library Current library Shelving location Date acquired Total Checkouts Full call number Barcode Date last seen Copy number Price effective from Koha item type
    Dewey Decimal Classification     London London Journal article 02/04/2001   ABS63640 111744-1001 06/08/2019 1 06/08/2019 Journal article